[Event "Karlovy Vary op"]
[Site "Karlovy Vary"]
[Date "2009.05.01"]
[Round "4"]
[White "Ruzicka, Jiri"]
[Black "Grussova, Helena"]
[Result "0-1"]
[WhiteElo "1658"]
[BlackElo "1905"]
[PlyCount "74"]
[EventDate "2009.04.29"]
[EventType "swiss"]
[EventRounds "7"]
[EventCountry "CZE"]
[SourceTitle "CBM 130 Extra"]
[Source "ChessBase"]
[SourceDate "2009.07.02"]
[SourceVersion "2"]
[SourceVersionDate "2009.07.15"]
[SourceQuality "1"]

1. e4 e5 2. Nf3 Nc6 3. Bc4 d6 4. h3 Be7 5. Nc3 Nf6 6. d3 0-0 7. a3 Be6 8. Nd5 h6 9. Be3 Nb8 10. c3 c6 11. Nxe7+ Qxe7 12. Qb3 d5 13. exd5 cxd5 14. Qb5 a6 15. Bc5 Qc7 16. Bb6 axb5 17. Bxc7 bxc4 18. Nxe5 Nbd7 19. dxc4 dxc4 20. Nf3 Bd5 21. 0-0-0 Rfe8 22. Rhe1 Rxe1 23. Rxe1 Bxf3 24. gxf3 Re8 25. Rxe8+ Nxe8 26. Bg3 Kf8 27. Kc2 Ke7 28. b3 b5 29. bxc4 bxc4 30. Kd2 Ke6 31. Ke3 Kd5 32. a4 Nc5 33. a5 Na6 34. f4 Nd6 35. f3 Nf5+ 36. Kf2 Nxg3 37. Kxg3 Kc5 0-1